书目信息 |
| 题名: |
印象:东方戏剧叙事
|
|
| 作者: | 孟昭毅 著 | |
| 分册: | ||
| 出版信息: | 北京 昆仑出版社 2006 |
|
| 页数: | 34,325页 | |
| 开本: | 20cm | |
| 丛书名: | 东方文化集成 | |
| 单 册: | ||
| 中图分类: | I106.3 | |
| 科图分类: | ||
| 主题词: | 戏剧文学--文学研究--东方国家 , 戏剧文学 , 文学研究 | |
| 电子资源: | ||
| ISBN: | 7-80040-824-8 | |
| 000 | 01081oam2 2200277 450 | |
| 001 | 010700019618 | |
| 005 | 20061119143426.37 | |
| 010 | @a7-80040-824-8@dCNY36.00 | |
| 100 | @a20060412d2006 em y0chiy0110 ea | |
| 101 | 0 | @achi@deng@eeng |
| 102 | @aCN@b110000 | |
| 105 | @ay z 000yy | |
| 200 | 1 | @a印象:东方戏剧叙事@9yin xiang: dong fang xi ju xu shi@f孟昭毅著 |
| 210 | @a北京@c昆仑出版社@d2006 | |
| 215 | @a34,325页@d20cm | |
| 225 | 2 | @a东方文化集成@i东方文化综合研究篇 |
| 330 | @a本书主要研究东方戏剧叙事问题。我们发现叙事不仅是一种文学技巧,叙事性实际存在于一切叙事文学的本体之内。戏剧艺术的叙事学更注重表演过程中的叙事性,而不是叙述故事过程中的叙事性。从文本、表演和舞台三个角度人手,东方戏剧叙事包括文本叙事、表演叙事和舞台叙事。 | |
| 462 | 0 | @12001 @a东方文化集成@i东方文化综合研究篇 |
| 510 | 1 | @aImpression: narration of eastern drama@zeng |
| 606 | 0 | @a戏剧文学@x文学研究@y东方国家 |
| 606 | 0 | @a戏剧文学 |
| 606 | 0 | @a文学研究 |
| 690 | @aI106.3@v4 | |
| 701 | 0 | @a孟昭毅@9meng zhao yi@4著 |
| 801 | 0 | @aCN@bRENTIAN@c20061119 |
| 905 | @a10447@dI106.3@e162 | |
| 印象:东方戏剧叙事/孟昭毅著.-北京:昆仑出版社,2006 |
| 34,325页;20cm.-(东方文化集成.东方文化综合研究篇) |
| ISBN 7-80040-824-8:CNY36.00 |
| 本书主要研究东方戏剧叙事问题。我们发现叙事不仅是一种文学技巧,叙事性实际存在于一切叙事文学的本体之内。戏剧艺术的叙事学更注重表演过程中的叙事性,而不是叙述故事过程中的叙事性。从文本、表演和舞台三个角度人手,东方戏剧叙事包括文本叙事、表演叙事和舞台叙事。 |
| ● |
| 相关链接 |
|
|
|
|
正题名:印象:东方戏剧叙事
索取号:I106.3/162
 
预约/预借
| 序号 | 登录号 | 条形码 | 馆藏地/架位号 | 状态 | 备注 |
| 1 | 0393118 | 203931184 | 第一样本阅览室/ [索取号:I106.3/162] | 在馆 | |
| 2 | 0393119 | 203931193 | 第二借阅区/ [索取号:I106.3/162] | 在馆 | |
| 3 | 0393120 | 203931200 | 第二借阅区/ [索取号:I106.3/162] | 在馆 | |
| 4 | 0393121 | 203931219 | 第二借阅区/ [索取号:I106.3/162] | 在馆 | |
| 5 | 0393122 | 203931228 | 第二借阅区/ [索取号:I106.3/162] | 在馆 |